[Event "RSA-ch U08"]
[Site "Waterkloof"]
[Date "2015.04.06"]
[Round "4"]
[White "Du Toit, Petrus"]
[Black "Neves, Tremayne"]
[Result "1-0"]
[WhiteElo "837"]
[BlackElo "785"]
[PlyCount "57"]
[EventDate "2015.04.04"]
[EventType "swiss"]
[EventRounds "9"]
[EventCountry "RSA"]
[SourceTitle "CBM 166 Extra"]
[Source "ChessBase"]
[SourceDate "2015.06.18"]
[SourceVersion "1"]
[SourceVersionDate "2015.06.18"]
[SourceQuality "1"]

1. e4 d5 2. exd5 Qxd5 3. Nc3 Qe6+ 4. Be2 Qg6 5. Bc4 Qxg2 6. Bd5 Qg6 7. Nf3 e6 8. Rg1 Qh6 9. d3 Qh3 10. Be4 e5 11. Be3 Qd7 12. Nxe5 Qh3 13. Bf4 Qh4 14. Qf3 Bc5 15. Nc6 bxc6 16. Bxc6+ Nxc6 17. Qxc6+ Kf8 18. Qxc5+ Ne7 19. Bg5 Bd7 20. Bxh4 Re8 21. Bxe7+ Rxe7+ 22. Kd1 h5 23. Nd5 Bg4+ 24. Kc1 g6 25. Qxe7+ Kg7 26. Qf6+ Kg8 27. Ne7+ Kh7 28. Qxf7+ Kh6 29. Qxg6# 1-0